Lịch sử Việt Nam
Lịch sử nước ta từ thời kì nguyên thuỷ cho đến sự hình thành nước Văn Lang, nước Âu Giới thiệu quá trình thành lập vương triều, bộ máy chính quyền nhà nước, quân đội, luật pháp, kinh tế, xã hội của các triều đại Việt Nam từ thế...
Tallennettuna:
| Yhteisötekijät: | , |
|---|---|
| Aineistotyyppi: | Kirja |
| Kieli: | Undetermined |
| Julkaistu: |
Hà Nội
Khoa học - Xã hội
2017
|
| Aiheet: | |
| Tagit: |
Lisää tagi
Ei tageja, Lisää ensimmäinen tagi!
|
| Thư viện lưu trữ: | Trung tâm Học liệu Trường Đại học Cần Thơ |
|---|
| LEADER | 01072nam a2200229Ia 4500 | ||
|---|---|---|---|
| 001 | CTU_224685 | ||
| 008 | 210402s9999 xx 000 0 und d | ||
| 020 | |c 320000 | ||
| 082 | |a 959.7 | ||
| 082 | |b V305/T.2 | ||
| 110 | |a Viện Hàn lâm Khoa học Xã hội Việt Nam | ||
| 110 | |b Viện Sử học | ||
| 245 | 0 | |a Lịch sử Việt Nam | |
| 245 | 0 | |c Trần Thị Vinh chủ biên | |
| 260 | |a Hà Nội | ||
| 260 | |b Khoa học - Xã hội | ||
| 260 | |c 2017 | ||
| 520 | |a Lịch sử nước ta từ thời kì nguyên thuỷ cho đến sự hình thành nước Văn Lang, nước Âu Giới thiệu quá trình thành lập vương triều, bộ máy chính quyền nhà nước, quân đội, luật pháp, kinh tế, xã hội của các triều đại Việt Nam từ thế kỉ 10 đến thế kỉ 14 | ||
| 650 | |a Việt Nam,Vietnam | ||
| 650 | |x Lịch sử,History | ||
| 910 | |a Hải | ||
| 980 | |a Trung tâm Học liệu Trường Đại học Cần Thơ | ||